MS Word 6 pro Windows /

Na minha lista:
Detalhes bibliográficos
Main Authors: Pecinovský, Rudolf (Author), Pecinovský, Jan (Author)
Formato: Livro
Idioma:tcheco
Publicado em: Praha : Grada, 1995
Edição:1.vyd.
Assuntos:
Tags: Adicionar Tag
Sem tags, seja o primeiro a adicionar uma tag!

MARC

LEADER 00000nam a22000003a 4500
001 stu45244
005 20150617225712.7
008 960122s1995----cs------------------cze-d
020 |a 80-7169-188-7 
040 |a STU  |b slo 
041 0 |a cze 
044 |a cs 
080 |a 681.3.066 
100 1 |a Pecinovský, Rudolf  |4 aut 
245 1 |a MS Word 6 pro Windows /  |c [aut.]Rudolf Pecinovský, Jan Pecinovský 
250 |a 1.vyd. 
260 |a Praha :  |b Grada,  |c 1995 
300 |a 534 s 
650 7 |a MS Word 6  |2 stusub 
650 7 |a Systémy operačné  |2 stusub 
700 1 |a Pecinovský, Jan  |4 aut 
996 |b 284M055611  |c M*9313-1  |l MMKN  |s A  |a 24  |w stu45244_0001 
996 |b M 30582  |c M*9313-3  |l MMKN  |s A  |a 24  |w stu45244_0002